| 000 | 00396nam a2200169Ia 4500 | ||
|---|---|---|---|
| 008 | 170705s9999 xx 000 0 und d | ||
| 020 | _a9780545039710 | ||
| 245 | _aLife as we knew it / | ||
| 245 | _cSusan Beth Pfeffer. | ||
| 260 | _aNew York : | ||
| 260 | _bScholastic, | ||
| 260 | _c2006 | ||
| 300 | _a337 pages : | ||
| 300 | _bcolor illustration ; | ||
| 300 | _c19cm. | ||
| 500 | _a770 | ||
| 999 |
_c336348 _d336348 |
||